Statistics for National Spanish Exam Level 2 Vocab: Frutas (Spanish to English)

Click here to take the quiz!

General Stats

  • This quiz has been taken 29 times
  • The average score is 21 of 34

Answer Stats

HintAnswer% Correct
LimónLemon
100%
LimonadaLemonade
100%
CaféCoffee
96%
FrutaFruit
96%
TomateTomato
96%
Jugo, ZumJuice
89%
NaranjaOrange
89%
PapayaPapaya
89%
Tea
89%
UvaGrape
81%
LimaLime
81%
MelónMelon
81%
PiñaPineapple
81%
ManzanaApple
78%
PeraPear
78%
FresaStrawberry
78%
PlátanoBanana
74%
SandíaWatermelon
74%
CocoCoconut
70%
CerezaCherry
59%
FrambuesaRaspberry
52%
AguacateAvocado
48%
AceitunaOlive
41%
CacahuetePeanut
33%
Mantequilla de cacahuetePeanut Butter
33%
MelocotónPeach
30%
PasaRaisin
30%
AlbaricoqueApricot
26%
CastañaChestnut
19%
ToronjaGrapefruit
19%
CiruelaPlum
19%
MermeladaJelly
15%
Ciruela secaPrune
15%
HigoFig
11%

Score Distribution

Percentile by Number Answered

Percent of People with Each Score

Your Score History

You have not taken this quiz